Belgische provinciehoofdsteden - Statistieken

Algemene statistieken
  • Deze quiz is 1.818 keer genomen
  • De gemiddelde score is 8 van 10
Antwoordstatistieken
Provincie Antwoord % Correct
Antwerpen Antwerpen
99%
Luik Luik
96%
Oost-Vlaanderen Gent
92%
Namen Namen
91%
West-Vlaanderen Brugge
90%
Limburg Hasselt
79%
Vlaams-Brabant Leuven
75%
Henegouwen Bergen
73%
Luxemburg Aarlen
57%
Waals-Brabant Waver
55%
Geen overeenkomende quizzen gevonden
Scoreverdeling
Procent van Mensen met Elke Score
Percentiel versus Aantal Correcte Antwoorden
Uw Scoregeschiedenis
U heeft deze quiz nog niet genomen